La Provence-Alpes-Côte d'Azur par images - Statistiques

Statistiques générales
  • Ce quiz a été pris 968 fois
    961 depuis la dernière actualisation
  • Le résultat moyen est 13 sur 16
Statistiques - réponses
Par images Hint Réponse % Correct
Sportif Zinédine Zidane
98%
Chef-lieu Marseille
97%
Sport Pétanque
97%
Festival cinématographique Festival de Cannes
96%
Boisson Pastis
95%
Avenue Promenade {des} {Anglais}
95%
Ville Avignon
86%
Région naturelle Camargue
86%
Ville Saint-Tropez
86%
Dessert Tropézienne
81%
Plantes aromatiques {Herbes} de Provence
79%
Chanteur SCH
73%
Montagne Mont Ventoux
57%
"Capitale" du melon Cavaillon
56%
Chanteuse Mireille Mathieu
54%
Film des frères Lumière L'Arrivée d'un train à {La} {Ciotat}
32%
Aucun quiz correspondant
Distribution des résultats
% des personnes avec chaque résultat
Percentile par nombre de réponses
Votre historique - résultats
Vous n’avez pas pris ce quiz depuis la dernière actualisation